[Event "Landsturneringen 2015"]
[Site "Oppsal arena, Oslo"]
[Date "2015.07.11"]
[Round "9"]
[White "Dahl, Trygve"]
[Black "Machlik, Edit"]
[Result "1-0"]
[WhiteElo "1968"]
[BlackElo "2014"]
[PlyCount "133"]
[EventDate "2015.??.??"]

1. e4 c5 2. Nf3 a6 3. c4 Nc6 4. d4 cxd4 5. Nxd4 e5 6. Nf5 d6 7. Ne3 g6 8. Nc3
Bh6 9. Be2 Nf6 10. O-O O-O 11. Nc2 Bxc1 12. Rxc1 Be6 13. Qd2 Qb6 14. Rcd1 Rfd8
15. Kh1 Qc5 16. b3 b5 17. cxb5 axb5 18. Bxb5 d5 19. Bxc6 Qxc6 20. Nb4 Qc5 21.
Nbxd5 Bxd5 22. exd5 Qa5 23. Rfe1 Rac8 24. Ne4 Qxd2 25. Nxf6+ Kg7 26. Nh5+ gxh5
27. Rxd2 f5 28. g3 Kf6 29. d6 Rd7 30. Kg2 Rc6 31. Red1 Ke6 32. Kh3 Kf6 33. Rd5
Rc2 34. R1d2 Rc1 35. b4 Rb1 36. b5 Rb4 37. Re2 e4 38. Red2 Ke6 39. a3 Ra4 40.
Rc5 Rxa3 41. Rdd5 Rf3 42. Kg2 h4 43. b6 hxg3 44. hxg3 Rxd6 45. Rxd6+ Kxd6 46.
Rb5 Kc6 47. b7 Kxb5 48. b8=Q+ Kc4 49. Qc7+ Kd3 50. Qxh7 Kc2 51. Qh5 Kc1 52.
Qh1+ Kc2 53. Qf1 Kd2 54. Qc4 Ke1 55. Qc1+ Ke2 56. Qc2+ Ke1 57. g4 fxg4 58.
Qxe4+ Kd2 59. Qxf3 gxf3+ 60. Kxf3 Kd3 61. Kf4 Kd4 62. Kf5 Kd5 63. f4 Kd6 64.
Kf6 Kd7 65. Kf7 Kd6 66. f5 Kd7 67. f6
1-0

[Event "Landsturneringen 2015"]
[Site "Oppsal arena, Oslo"]
[Date "2015.07.11"]
[Round "9"]
[White "Kyrkjebø, Marte B"]
[Black "Løbersli, Henrik Øie"]
[Result "1/2-1/2"]
[WhiteElo "1699"]
[BlackElo "2007"]
[PlyCount "127"]
[EventDate "2015.??.??"]

1. e4 e5 2. Nf3 Nc6 3. Nc3 Nf6 4. Bb5 Nd4 5. Bc4 Bc5 6. d3 d6 7. h3 c6 8. O-O
Be6 9. Bb3 Qe7 10. Re1 O-O 11. Bg5 h6 12. Be3 Nxb3 13. axb3 Bxe3 14. Rxe3 a6
15. Ne2 Nh5 16. d4 Rad8 17. c3 Qf6 18. Qc2 Nf4 19. Nxf4 exf4 20. Re2 Qg6 21.
Kh2 Qh5 22. Qd3 g5 23. Kg1 f5 24. Nh2 fxe4 25. Qxe4 Bf5 26. Qf3 Qg6 27. c4 Rf7
28. Rae1 Rdf8 29. Re8 Qf6 30. Rxf8+ Rxf8 31. Qd1 Rf7 32. Ng4 Qg6 33. Qe2 h5 34.
Nh2 Kg7 35. f3 Qf6 36. Qd2 Bg6 37. Kh1 Qf5 38. Qe2 d5 39. Kg1 Qf6 40. Qd2 Rd7
41. c5 Re7 42. Rxe7+ Qxe7 43. Nf1 Qf6 44. Qb4 Kh6 45. Qd2 Qf5 46. Qd1 Qd3 47.
Qxd3 Bxd3 48. b4 Kg6 49. Nd2 Bc2 50. Kf2 Kf5 51. Ke2 Ba4 52. Nb1 Bb5+ 53. Kf2
Ba4 54. Nc3 Bb3 55. Ke1 g4 56. h4 Bc4 57. Na4 g3 58. Nb6 Bd3 59. Nc8 Bb5 60.
Nd6+ Ke6 61. Nxb7 Kf5 62. Nd6+ Ke6 63. Nxb5 axb5 64. Ke2
1/2-1/2

[Event "Landsturneringen 2015"]
[Site "Oppsal arena, Oslo"]
[Date "2015.07.11"]
[Round "9"]
[White "Kyrkjebø, Hanna B"]
[Black "Tryggestad, Andreas G"]
[Result "0-1"]
[WhiteElo "1711"]
[BlackElo "2139"]
[PlyCount "124"]
[EventDate "2015.??.??"]

1. e4 c5 2. Nc3 e6 3. Nge2 a6 4. g3 b5 5. d3 d6 6. Bg2 Bb7 7. O-O Qc7 8. f4 g6
9. Be3 Bg7 10. Qc1 Ne7 11. Kh1 Nbc6 12. Qd2 Nd4 13. Nd1 d5 14. e5 Nxe2 15. Qxe2
d4 16. Bd2 h5 17. Bf3 h4 18. Kg2 g5 19. Nf2 hxg3 20. hxg3 gxf4 21. Bxf4 Nd5 22.
Ng4 O-O-O 23. Rh1 Rhg8 24. Kf2 Bf8 25. Nf6 Nxf6 26. exf6 Bd6 27. Bxb7+ Qxb7 28.
Qe4 Qxe4 29. dxe4 e5 30. Bd2 Rg6 31. Kg2 Rdg8 32. Rh3 Rxf6 33. Rah1 Rg4 34. Rh4
Rg7 35. Rh6 Rxh6 36. Rxh6 Kc7 37. Rf6 b4 38. Rf5 c4 39. Bg5 c3 40. bxc3 bxc3
41. Bc1 Kd7 42. Kf2 Ke6 43. Rh5 Rg8 44. Rh6+ f6 45. Rh7 Be7 46. Rh3 Rb8 47. Ke2
Rb1 48. Bh6 a5 49. Kd3 a4 50. Bg7 Rd1+ 51. Kc4 Rd2 52. Kb5 Rxc2 53. g4 Rb2+ 54.
Kxa4 c2 55. Bh6 Rb1 56. Rh2 c1=Q 57. Bxc1 Rxc1 58. Kb3 Re1 59. a4 Rxe4 60. Rg2
Re3+ 61. Kc2 Ra3 62. a5 Ra2+
0-1

[Event "Landsturneringen 2015"]
[Site "Oppsal arena, Oslo"]
[Date "2015.07.11"]
[Round "9"]
[White "Grønn, Eskil Ekeland"]
[Black "Unhjem, Bjørn Robert Løvoll"]
[Result "1-0"]
[WhiteElo "1924"]
[BlackElo "1361"]
[PlyCount "49"]
[EventDate "2015.??.??"]

1. d4 Nf6 2. Nc3 d5 3. Bg5 e6 4. e4 dxe4 5. Nxe4 Be7 6. Bxf6 Bxf6 7. Nf3 Be7 8.
Qd2 O-O 9. O-O-O b6 10. Bd3 h6 11. Ne5 Bb7 12. Rhg1 Qxd4 13. Nf3 Qd7 14. Kb1
Rd8 15. Qf4 Qe8 16. g4 c5 17. g5 h5 18. Qh4 g6 19. Ne5 Nc6 20. Nxc6 Bxc6 21.
Nf6+ Bxf6 22. gxf6 Bf3 23. Qf4 Bxd1 24. Bxg6 Bg4 25. Qh6
1-0

[Event "Landsturneringen 2015"]
[Site "Oppsal arena, Oslo"]
[Date "2015.07.11"]
[Round "9"]
[White "Nordquelle, Daniel"]
[Black "Machlik, Jon"]
[Result "0-1"]
[WhiteElo "1870"]
[BlackElo "1929"]
[PlyCount "94"]
[EventDate "2015.??.??"]

1. e4 e5 2. Nf3 Nc6 3. Bc4 Bc5 4. c3 Nf6 5. b4 Bb6 6. d3 d6 7. Bg5 h6 8. Bh4
Be6 9. Nbd2 Qd7 10. a4 a5 11. b5 Ne7 12. Qe2 Ng6 13. Bg3 Nh5 14. O-O Ngf4 15.
Qd1 O-O 16. Kh1 Kh8 17. Qc2 f5 18. Rad1 Ne2 19. Nh4 Rf6 20. Bxe6 Qxe6 21. Nxf5
g6 22. Nh4 Raf8 23. Nhf3 Qg4 24. Rde1 Nef4 25. Nh4 Nxg2 26. Qd1 Qxd1 27. Rxd1
Nxh4 28. Bxh4 g5 29. Bg3 Bxf2 30. Bxf2 Rxf2 31. Rxf2 Rxf2 32. Nc4 b6 33. Ne3
Nf4 34. d4 exd4 35. cxd4 Ra2 36. e5 Rxa4 37. Nf5 dxe5 38. dxe5 Re4 39. Nxh6 Kh7
40. Ng4 Kg6 41. Kg1 Kf5 42. Nf2 Rxe5 43. Rb1 a4 44. Nd1 Re1+ 45. Kf2 Re2+ 46.
Kf3 g4+ 47. Kg3 Nh5+
0-1

[Event "Landsturneringen 2015"]
[Site "Oppsal arena, Oslo"]
[Date "2015.07.11"]
[Round "9"]
[White "Kjøita, Torgeir Jakhelln"]
[Black "Sajjadi, Kimiya"]
[Result "1-0"]
[WhiteElo "2000"]
[BlackElo "1730"]
[PlyCount "61"]
[EventDate "2015.??.??"]

1. c4 Nf6 2. Nc3 c5 3. g3 Nc6 4. Bg2 g6 5. e3 Bg7 6. d4 cxd4 7. exd4 O-O 8.
Nge2 e6 9. d5 Ne7 10. O-O exd5 11. Nxd5 Nfxd5 12. cxd5 d6 13. Qb3 Nf5 14. Bd2
Re8 15. Bf3 Re7 16. Bg5 f6 17. Bd2 Nh6 18. Rfe1 Nf7 19. Nd4 Ne5 20. Bg2 Bh8 21.
Re3 Ng4 22. Rxe7 Qxe7 23. Re1 Qf7 24. Qb4 f5 25. Qxd6 Bxd4 26. Qd8+ Qf8 27. Re8
Bxf2+ 28. Kh1 Qxe8 29. Qxe8+ Kg7 30. Qe7+ Kg8 31. Bc3
1-0

[Event "Landsturneringen 2015"]
[Site "Oppsal arena, Oslo"]
[Date "2015.07.11"]
[Round "9"]
[White "Rødsmoen, Maud"]
[Black "Skagen, Bjørn"]
[Result "1-0"]
[WhiteElo "1826"]
[BlackElo "1846"]
[PlyCount "75"]
[EventDate "2015.??.??"]

1. e4 c6 2. d4 d5 3. e5 Bf5 4. h4 h5 5. Bd3 Bxd3 6. Qxd3 e6 7. Nf3 Nd7 8. Nbd2
c5 9. c3 Nh6 10. Nf1 Nf5 11. Ne3 Nxe3 12. Bxe3 Be7 13. Bg5 cxd4 14. cxd4 Qa5+
15. Bd2 Bb4 16. O-O Bxd2 17. Nxd2 Rc8 18. Rfc1 Rc6 19. Rxc6 bxc6 20. Nb3 Qb5
21. Qc3 Ke7 22. Rc1 Rc8 23. Qe3 Kf8 24. Qf3 g6 25. Qc3 Kg7 26. Rc2 Rc7 27. Kh2
Rc8 28. f3 Rc7 29. g3 Rc8 30. Rg2 Rc7 31. g4 hxg4 32. fxg4 Qa4 33. Rf2 Qxa2 34.
Qf3 Nb6 35. Qf6+ Kh7 36. Nc5 Na4 37. Qd8 Nxc5 38. Qxc7
1-0

[Event "Landsturneringen 2015"]
[Site "Oppsal arena, Oslo"]
[Date "2015.07.04"]
[Round "8"]
[White "Kjøita, Henning Jakhelln"]
[Black "Machlik, Monika"]
[Result "0-1"]
[WhiteElo "2052"]
[BlackElo "2042"]
[PlyCount "106"]
[EventDate "2015.??.??"]

1. e4 c6 2. d4 d5 3. Nc3 dxe4 4. Nxe4 Bf5 5. Ng3 Bg6 6. h4 h6 7. Nf3 Nd7 8. h5
Bh7 9. Bd3 Bxd3 10. Qxd3 e6 11. Bf4 Qa5+ 12. Bd2 Qc7 13. c4 Ngf6 14. Ne2 O-O-O
15. O-O-O Ng4 16. Be1 Bd6 17. Kb1 Rhe8 18. Nd2 f5 19. Nb3 Bf8 20. Qc2 Ndf6 21.
g3 Qf7 22. Nf4 Bd6 23. Ba5 Rd7 24. d5 Bxf4 25. gxf4 exd5 26. Qxf5 Nxf2 27. Nc5
Nxh1 28. Rxh1 b6 29. Nxd7 Qxd7 30. Qxd7+ Kxd7 31. Bc3 dxc4 32. Rg1 Nxh5 33.
Bxg7 Nxg7 34. Rxg7+ Re7 35. Rg4 h5 36. Rh4 Rh7 37. Kc2 Ke6 38. Kd2 b5 39. Ke3
Kd5 40. Kf3 a5 41. f5 Ke5 42. Rf4 Rf7 43. Ke3 Rxf5 44. Rh4 Kd5 45. Rh1 Kc5 46.
a3 Rd5 47. Rh2 b4 48. Ke4 bxa3 49. bxa3 c3 50. Ke3 Kc4 51. a4 Kb3 52. Rh1 c2
53. Ke2 Kb2
0-1